[Event "Sparkassen-Open B"]
[Site "Heusenstamm, Martinsee"]
[Date "2022.11.20"]
[Round "7.30"]
[White "Michalski, Uwe"]
[Black "Fettig, Michel"]
[Result "1-0"]
[WhiteElo "1671"]
[BlackElo "1403"]
[PlyCount "75"]
[EventDate "2022.??.??"]
[WhiteTeam "Sfr.Mainz 1928"]
[BlackTeam "SC ML Kastellaun"]

1. e4 e6 2. d4 d5 3. e5 c5 4. dxc5 Bxc5 5. Qg4 Ne7 6. Qxg7 Rg8 7. Qxh7 Qb6 8.
Nh3 Nbc6 9. f4 Bd7 10. Nc3 O-O-O 11. Qd3 Nb4 12. Qd2 Nf5 13. Bd3 Ne3 14. g3 d4
15. Ne4 Bc6 16. Nhg5 Nbxc2+ 17. Kf2 Nxa1 18. Nxf7 Rd7 19. Nfg5 Bd5 20. b3 Nec2
21. Bxc2 Nxc2 22. Qxc2 d3+ 23. Qxc5+ Qxc5+ 24. Nxc5 Bxh1 25. Nxd7 Kxd7 26. Ke3
Rh8 27. h4 Rc8 28. Bd2 Rc2 29. h5 Ke7 30. h6 Rc8 31. Bb4+ Kd7 32. Nf7 Rg8 33.
h7 Rxg3+ 34. Kf2 Rf3+ 35. Kg1 Rg3+ 36. Kh2 Rg2+ 37. Kxh1 d2 38. Bxd2 1-0

[Event "Sparkassen-Open B"]
[Site "Heusenstamm, Martinsee"]
[Date "2022.11.20"]
[Round "7.31"]
[White "Kluge, Joscha"]
[Black "Belin, Anton"]
[Result "1/2-1/2"]
[WhiteElo "1533"]
[BlackElo "1495"]
[PlyCount "35"]
[EventDate "2022.??.??"]
[WhiteTeam "SC Bergen-Enkheim 1922"]
[BlackTeam "SK Bad Homburg 1927"]

1. e4 c5 2. Nf3 d6 3. d4 cxd4 4. Nxd4 Nf6 5. Nc3 g6 6. Bg5 Bg7 7. Be2 a6 8. h4
h5 9. Qd2 Nc6 10. f3 Qb6 11. Nxc6 bxc6 12. Na4 Qc7 13. Be3 c5 14. e5 Nd7 15.
exd6 exd6 16. O-O-O Qc6 17. b3 O-O 18. Qxd6 1/2-1/2

[Event "Sparkassen-Open B"]
[Site "Heusenstamm, Martinsee"]
[Date "2022.11.20"]
[Round "7.32"]
[White "Spiegel, Nina"]
[Black "Pradeep, Harshill"]
[Result "1-0"]
[WhiteElo "1539"]
[BlackElo "1320"]
[PlyCount "71"]
[EventDate "2022.??.??"]
[WhiteTeam "Sfr Stiller Zug Wiesbaden"]
[BlackTeam "SK Bickenbach"]

1. c4 e5 2. g3 c6 3. Bg2 d5 4. cxd5 cxd5 5. d4 exd4 6. Nf3 Nc6 7. Nxd4 Bc5 8.
Nb3 Bb4+ 9. Bd2 Bf5 10. O-O Nge7 11. Bxb4 Nxb4 12. Nd4 Bg6 13. Qa4+ Nbc6 14.
Nc3 O-O 15. Rfd1 Qb6 16. Nxd5 Nxd5 17. Bxd5 Qxb2 18. Nxc6 bxc6 19. Bxc6 Rab8
20. Qg4 f5 21. Bd5+ Kh8 22. Qf3 f4 23. gxf4 Bc2 24. Re1 Rb6 25. e4 Rbf6 26. f5
Rg6+ 27. Kh1 Qe5 28. Rg1 Rh6 29. Qg3 Qe7 30. Rae1 Rff6 31. Re2 Ba4 32. Rb2 Rh5
33. Rb7 Bd7 34. Be6 Rfh6 35. Rb8+ Be8 36. Rxe8+ 1-0

[Event "Sparkassen-Open B"]
[Site "Heusenstamm, Martinsee"]
[Date "2022.11.20"]
[Round "7.33"]
[White "Kanno, Clara Yumi"]
[Black "Gärtner, Johannes"]
[Result "1-0"]
[WhiteElo "1243"]
[BlackElo "1402"]
[PlyCount "89"]
[EventDate "2022.??.??"]
[WhiteTeam "SF Essen-Werden 1924/80"]
[BlackTeam "Sfr.Mainz 1928"]

1. d4 Nf6 2. Bf4 d5 3. Nf3 e6 4. e3 c5 5. c3 Bd6 6. Bxd6 Qxd6 7. Nbd2 O-O 8.
Ne5 Nc6 9. f4 cxd4 10. exd4 Rb8 11. Bd3 b5 12. a3 a5 13. O-O b4 14. axb4 axb4
15. Qc2 bxc3 16. bxc3 Bd7 17. Nb3 Rfc8 18. Nc5 h6 19. Ra6 Rc7 20. Rfa1 Rbc8 21.
Rb1 Qe7 22. Rbb6 Nxe5 23. fxe5 Ng4 24. Qb1 Qh4 25. h3 Qf2+ 26. Kh1 Ne3 27. Qg1
Qxg1+ 28. Kxg1 Kf8 29. g4 f5 30. exf6 gxf6 31. Nxe6+ Bxe6 32. Rxe6 Re7 33.
Rxf6+ Kg7 34. Rg6+ Kf8 35. Rxh6 Rxc3 36. Rh8+ Kg7 37. Rh7+ Kf8 38. Ra8+ Re8 39.
Rh8+ Kf7 40. Rhxe8 Rxd3 41. Rf8+ Kg6 42. Rf3 Rd1+ 43. Kf2 Nc2 44. Ra6+ Kg5 45.
Rf5+ 1-0

[Event "Sparkassen-Open B"]
[Site "Heusenstamm, Martinsee"]
[Date "2022.11.20"]
[Round "7.36"]
[White "Vorsilka, Jiri"]
[Black "Fritsch, Reinhold"]
[Result "1-0"]
[WhiteElo "1492"]
[BlackElo "1567"]
[PlyCount "45"]
[EventDate "2022.??.??"]
[WhiteTeam "vereinslos"]
[BlackTeam "SC Somborn 1933"]

1. d4 Nf6 2. Nc3 g6 3. Bf4 d6 4. e4 Bg7 5. Nf3 O-O 6. Qd2 Re8 7. Be2 c5 8. dxc5
dxc5 9. Qxd8 Rxd8 10. O-O Nh5 11. Be3 Bxc3 12. bxc3 b6 13. Bh6 Ba6 14. Rad1
Rxd1 15. Rxd1 Nc6 16. Bxa6 Rd8 17. Rxd8+ Nxd8 18. g4 Nf6 19. Bd3 Nxg4 20. Bf4
Nc6 21. e5 f6 22. exf6 Nxf6 23. Bb5 1-0

[Event "Sparkassen-Open B"]
[Site "Heusenstamm, Martinsee"]
[Date "2022.11.20"]
[Round "7.38"]
[White "Steinke, Hans-Jörg"]
[Black "Wöhl, Torsten"]
[Result "1-0"]
[WhiteElo "1733"]
[BlackElo "1515"]
[PlyCount "57"]
[EventDate "2022.??.??"]
[WhiteTeam "SV Erkenschwick"]
[BlackTeam "SC Groß-Zimmern"]

1. d4 e6 2. c4 b6 3. Nc3 Bb7 4. e4 c5 5. d5 exd5 6. exd5 d6 7. Nf3 Nd7 8. Bd3
Ngf6 9. O-O Be7 10. Re1 O-O 11. h3 Re8 12. Bf4 Nf8 13. g4 h5 14. g5 N6h7 15. h4
Ng6 16. Bg3 Bc8 17. Qd2 Qd7 18. Ne4 Ne5 19. Nxe5 dxe5 20. Bxe5 Qg4+ 21. Bg3 Bf5
22. Qf4 Bxe4 23. Qxg4 hxg4 24. Rxe4 Bxg5 25. hxg5 Rxe4 26. Bxe4 Nxg5 27. Bf5
Nf3+ 28. Kg2 Nd2 29. b3 1-0

[Event "Sparkassen-Open B"]
[Site "Heusenstamm, Martinsee"]
[Date "2022.11.20"]
[Round "7.39"]
[White "Laux, Filip"]
[Black "Mut, Friedrich"]
[Result "1-0"]
[WhiteElo "1446"]
[BlackElo "1678"]
[PlyCount "83"]
[EventDate "2022.??.??"]
[WhiteTeam "VSG 1880 Offenbach"]
[BlackTeam "SC Sulzbach"]

1. e4 e5 2. Nf3 d6 3. Bc4 h6 4. c3 c6 5. O-O Nf6 6. d3 Be7 7. Nbd2 O-O 8. Re1
Nh7 9. h3 Nd7 10. Nf1 Kh8 11. Ng3 Nb6 12. Bb3 Bh4 13. Nxh4 Qxh4 14. d4 f5 15.
exf5 exd4 16. Re4 Qf6 17. Qxd4 Bxf5 18. Nxf5 Qxf5 19. Rf4 Qe5 20. Qxe5 dxe5 21.
Rxf8+ Rxf8 22. Be3 Nc8 23. Rd1 Nf6 24. Bc5 Re8 25. Bf7 Re7 26. Bxe7 Nxe7 27.
Re1 e4 28. f3 Nc8 29. fxe4 Nd6 30. Bg6 Nc8 31. e5 Nd5 32. Rf1 Nde7 33. Rf8+ Ng8
34. Bf7 Nce7 35. e6 Kh7 36. Bxg8+ Nxg8 37. Rf7 Kg6 38. Rxb7 Kf6 39. Rxa7 g6 40.
Rb7 Ne7 41. a4 Kxe6 42. a5 1-0

[Event "Sparkassen-Open B"]
[Site "Heusenstamm, Martinsee"]
[Date "2022.11.20"]
[Round "7.40"]
[White "Sitta, Stefan"]
[Black "Goodwin, David"]
[Result "1-0"]
[WhiteElo "1611"]
[BlackElo "1497"]
[PlyCount "65"]
[EventDate "2022.??.??"]
[WhiteTeam "Sfr Stiller Zug Wiesbaden"]
[BlackTeam "SV 1920 Kelsterbach"]

1. e4 g6 2. d4 Bg7 3. Nc3 d6 4. Be3 Nd7 5. Bc4 e6 6. Nge2 a6 7. a3 b5 8. Ba2
Bb7 9. Qd2 Ngf6 10. f3 Nb6 11. Bh6 O-O 12. h4 d5 13. e5 Ne8 14. h5 Nc4 15. Bxc4
dxc4 16. hxg6 fxg6 17. Bxg7 Nxg7 18. Qh6 Nh5 19. O-O-O Rf7 20. Kb1 Qf8 21. Rxh5
gxh5 22. Qxe6 Re8 23. Qh3 Qh6 24. Ng3 h4 25. Nge4 Bc8 26. Qh1 Kh8 27. Nd5 Ref8
28. Ndf6 Bf5 29. Qe1 Qg6 30. Qxh4 Qxg2 31. Rh1 Bg6 32. Qh6 Rxf6 33. exf6 1-0

[Event "Sparkassen-Open B"]
[Site "Heusenstamm, Martinsee"]
[Date "2022.11.20"]
[Round "7.41"]
[White "Bergner, Matthias"]
[Black "Matsoukas, Konstantinos"]
[Result "1/2-1/2"]
[WhiteElo "1574"]
[BlackElo "1108"]
[PlyCount "62"]
[EventDate "2022.??.??"]
[WhiteTeam "SV 1926 Neu-Isenburg"]
[BlackTeam "Frankfurter TV 1860"]

1. d4 Nf6 2. Nf3 e6 3. g3 d5 4. Bg2 c5 5. c3 Nc6 6. O-O b6 7. dxc5 bxc5 8. b3
Rb8 9. Bb2 c4 10. Nbd2 Na5 11. Qc2 Bd6 12. Rfd1 Qc7 13. e3 O-O 14. b4 Nc6 15.
a4 a6 16. Nd4 Nxd4 17. exd4 Bb7 18. Re1 Bc6 19. a5 Bb5 20. Nf1 Rbd8 21. f4 h5
22. Bc1 h4 23. Be3 hxg3 24. hxg3 Ng4 25. Qe2 f5 26. Bf3 Nf6 27. Nd2 Kf7 28. Kf2
Ke7 29. Rh1 Kd7 30. Rag1 Kc8 31. Ke1 Bxb4 1/2-1/2

[Event "Sparkassen-Open B"]
[Site "Heusenstamm, Martinsee"]
[Date "2022.11.20"]
[Round "7.42"]
[White "Alt, Johannes"]
[Black "Wiencken, Marcus"]
[Result "1-0"]
[WhiteElo "1433"]
[BlackElo "1233"]
[PlyCount "37"]
[EventDate "2022.??.??"]
[WhiteTeam "Sfr.Heidesheim"]
[BlackTeam "Schachforum Darmstadt 1994"]

1. d4 d5 2. Nf3 Bf5 3. Bf4 Nf6 4. e3 Nc6 5. c4 e6 6. Nc3 Bb4 7. a3 Ba5 8. b4
Ne4 9. Nxe4 dxe4 10. Nd2 Nxd4 11. exd4 Qxd4 12. Be2 Rd8 13. O-O Qf6 14. Qa4+ c6
15. Qxa5 a6 16. Nxe4 Qg6 17. Nd6+ Ke7 18. Nxf5+ Qxf5 19. Qxf5 1-0

[Event "Sparkassen-Open B"]
[Site "Heusenstamm, Martinsee"]
[Date "2022.11.20"]
[Round "7.43"]
[White "Leichum, Engelbert"]
[Black "Grebe, Sabrina"]
[Result "1-0"]
[WhiteElo "1559"]
[BlackElo "1182"]
[PlyCount "33"]
[EventDate "2022.??.??"]
[WhiteTeam "vereinslos"]
[BlackTeam "SC Heusenstamm"]

1. e4 e5 2. d4 f6 3. dxe5 fxe5 4. Bc4 Nf6 5. Nf3 Nc6 6. Ng5 d5 7. exd5 Ne7 8.
d6 Qxd6 9. Bf7+ Kd8 10. Qe2 Nf5 11. O-O Qc6 12. Rd1+ Nd6 13. Qxe5 Qxc2 14. Bb3
Ng4 15. Nf7+ Kd7 16. Qe6+ Kc6 17. Qd5+ 1-0

[Event "Sparkassen-Open B"]
[Site "Heusenstamm, Martinsee"]
[Date "2022.11.20"]
[Round "7.44"]
[White "Carvelli, Nicolas"]
[Black "Martens, Marcus"]
[Result "1/2-1/2"]
[WhiteElo "1412"]
[BlackElo "1559"]
[PlyCount "67"]
[EventDate "2022.??.??"]
[WhiteTeam "SF Seligenstadt"]
[BlackTeam "Sfr Stiller Zug Wiesbaden"]

1. b3 d5 2. Bb2 c6 3. e3 Bf5 4. f4 h6 5. Nf3 Nd7 6. g3 Ngf6 7. Bg2 e6 8. O-O
Be7 9. d4 O-O 10. Nbd2 Ne4 11. Nxe4 Bxe4 12. Ne5 Bxg2 13. Kxg2 Nf6 14. c4 Rc8
15. c5 Qe8 16. b4 a6 17. a4 Ne4 18. Qe2 f6 19. Nf3 Ra8 20. Nd2 Nxd2 21. Qxd2 f5
22. Qe2 Qd7 23. Rfb1 g6 24. Bc3 h5 25. h4 Rfb8 26. b5 axb5 27. axb5 Rxa1 28.
Bxa1 Kf7 29. bxc6 Qxc6 30. Qb5 Qxb5 31. Rxb5 Ke8 32. Rb6 Kd7 33. Bc3 Bd8 34.
Rb3 1/2-1/2

[Event "Sparkassen-Open B"]
[Site "Heusenstamm, Martinsee"]
[Date "2022.11.20"]
[Round "7.45"]
[White "Karres, David Tobias"]
[Black "Kuchta, Maksim"]
[Result "1-0"]
[WhiteElo "1370"]
[BlackElo "1430"]
[PlyCount "53"]
[EventDate "2022.??.??"]
[WhiteTeam "SF Heidelberg"]
[BlackTeam "SC Heusenstamm"]

1. e4 c6 2. d4 d5 3. f3 e6 4. Bd3 dxe4 5. Bxe4 Nf6 6. Ne2 Bd6 7. Bf4 O-O 8.
Nbc3 Qc7 9. Qd2 Rd8 10. O-O-O Na6 11. g4 Nb4 12. Bg3 Qa5 13. Kb1 Qb6 14. Bxd6
Rxd6 15. Qf4 Rd8 16. h4 Qa6 17. h5 Nxa2 18. Nxa2 Qxe2 19. Bd3 Qf2 20. Bc4 Nd5
21. Bxd5 Rxd5 22. h6 gxh6 23. Rxh6 Bd7 24. Qf6 Qe3 25. Nc3 Rg5 26. Rxh7 Kxh7
27. Rh1+ 1-0

[Event "Sparkassen-Open B"]
[Site "Heusenstamm, Martinsee"]
[Date "2022.11.20"]
[Round "7.47"]
[White "Tobias, Christian"]
[Black "Köberl, Christiane"]
[Result "1-0"]
[WhiteElo "1434"]
[BlackElo "1492"]
[PlyCount "53"]
[EventDate "2022.??.??"]
[WhiteTeam "SV Oberursel"]
[BlackTeam "SC Sulzbach"]

1. e4 c5 2. c3 e6 3. d4 cxd4 4. cxd4 a6 5. Nf3 Nf6 6. Nc3 Bb4 7. Bd3 d6 8. O-O
Ba5 9. Bg5 h6 10. Bh4 Bc7 11. Rc1 Nbd7 12. Re1 g5 13. Bg3 e5 14. dxe5 dxe5 15.
Bc4 O-O 16. b4 b5 17. Bb3 Bb7 18. Qc2 Rc8 19. Red1 Qe7 20. a3 Bb6 21. Qe2 g4
22. Nh4 Kh7 23. Nf5 Rxc3 24. Rxc3 Qd8 25. Qd2 Ng8 26. Qxd7 Qa8 27. Bxf7 1-0

[Event "Sparkassen-Open B"]
[Site "Heusenstamm, Martinsee"]
[Date "2022.11.20"]
[Round "7.48"]
[White "Herrmann, Gerhard"]
[Black "Moissl, Felix"]
[Result "1/2-1/2"]
[WhiteElo "1528"]
[BlackElo "1129"]
[PlyCount "38"]
[EventDate "2022.??.??"]
[WhiteTeam "SC Königsspringer Alzenau"]
[BlackTeam "SJ Herborn 1998"]

1. e4 d5 2. exd5 Nf6 3. d4 Nxd5 4. c4 Nf6 5. Nf3 c5 6. Be2 cxd4 7. Qxd4 Qxd4 8.
Nxd4 e5 9. Nc2 Bf5 10. Ne3 Be4 11. O-O Bc5 12. Nc3 Bc6 13. a3 a5 14. Ng4 Nxg4
15. Bxg4 O-O 16. Be3 Bd6 17. Rad1 Bc7 18. Nd5 Bxd5 19. Rxd5 Na6 1/2-1/2

[Event "Sparkassen-Open B"]
[Site "Heusenstamm, Martinsee"]
[Date "2022.11.20"]
[Round "7.49"]
[White "Heller, Holger"]
[Black "Niesel, Sebastian"]
[Result "1-0"]
[WhiteElo "1648"]
[BlackElo "1312"]
[PlyCount "123"]
[EventDate "2022.??.??"]
[WhiteTeam "TuS Dotzheim"]
[BlackTeam "SV 1934 Ffm-Griesheim"]

1. d4 d5 2. c4 c6 3. e3 Nf6 4. Nc3 e6 5. Nf3 b6 6. cxd5 exd5 7. Bd3 Bd6 8. O-O
O-O 9. Re1 Bg4 10. h3 Bh5 11. e4 dxe4 12. Nxe4 Nxe4 13. Bxe4 Qc7 14. Bxh7+ Kh8
15. Bc2 Nd7 16. Qd3 Bg6 17. Qc3 Bxc2 18. Qxc2 Nf6 19. Bg5 Nd5 20. Re4 Bf4 21.
Bxf4 Nxf4 22. Qd2 Ng6 23. Rae1 Rad8 24. Qc2 Qd7 25. Nh4 Qd6 26. Nxg6+ fxg6 27.
Qc3 Qf6 28. f3 c5 29. dxc5 Qxc3 30. bxc3 bxc5 31. Re7 a6 32. R7e6 Ra8 33. Rxg6
a5 34. Re7 Rg8 35. Rc6 Rac8 36. Rec7 Rb8 37. Rxc5 Kh7 38. Rxa5 Rb2 39. Raa7 Kh6
40. Re7 Rc2 41. Kh2 Rxc3 42. Kg3 Rc4 43. Re4 Rc6 44. a4 Rd8 45. Rh4+ Kg6 46.
Rg4+ Kf5 47. Raxg7 Ra8 48. R7g5+ Ke6 49. Rg6+ Kd5 50. Rxc6 Kxc6 51. h4 Kb6 52.
h5 Ka5 53. h6 Rb8 54. h7 Rb4 55. h8=Q Rxg4+ 56. Kxg4 Kxa4 57. Qb8 Ka5 58. Kf4
Ka4 59. Ke4 Ka5 60. Kd4 Ka4 61. Kc4 Ka3 62. Qb3# 1-0

[Event "Sparkassen-Open B"]
[Site "Heusenstamm, Martinsee"]
[Date "2022.11.20"]
[Round "7.50"]
[White "Neumeier, Marie-Theres"]
[Black "Niedenthal, Robert"]
[Result "0-1"]
[WhiteElo "1075"]
[BlackElo "1644"]
[PlyCount "98"]
[EventDate "2022.??.??"]
[WhiteTeam "TV 1899 Parsberg"]
[BlackTeam "SV 1920 Hofheim"]

1. d4 Nf6 2. Bf4 g6 3. e3 Bg7 4. c3 b6 5. Nf3 Bb7 6. Bd3 d6 7. O-O Nbd7 8. Re1
O-O 9. Bg3 h6 10. Nbd2 Nh5 11. Ne4 f5 12. Ned2 Nxg3 13. hxg3 e5 14. Bc2 e4 15.
Nh2 c5 16. Bb3+ Kh7 17. f4 Rc8 18. Rc1 d5 19. Ba4 a6 20. Bxd7 Qxd7 21. dxc5
bxc5 22. Nb3 Qb5 23. Rc2 a5 24. g4 a4 25. Nc1 d4 26. cxd4 cxd4 27. Rxc8 Rxc8
28. b3 axb3 29. Nxb3 d3 30. gxf5 Qxf5 31. Qd2 Bc3 32. Qd1 Bxe1 33. Qxe1 h5 34.
Nf1 Qb5 35. Nfd2 Qa4 36. Qh4 Qd7 37. Qg5 Re8 38. Qc5 Rc8 39. Qe5 Re8 40. Qc5
Qc6 41. Qa7 Ra8 42. Qd4 Rxa2 43. Qb4 Qc7 44. Nxe4 Bxe4 45. Qxe4 d2 46. Nxd2
Rxd2 47. f5 Rd1+ 48. Kf2 Rd2+ 49. Kf1 Qc1# 0-1

[Event "Sparkassen-Open B"]
[Site "Heusenstamm, Martinsee"]
[Date "2022.11.20"]
[Round "7.51"]
[White "Kirchner, Stefan"]
[Black "Heidtkamp, Anna"]
[Result "1-0"]
[WhiteElo "1577"]
[BlackElo "1157"]
[PlyCount "57"]
[EventDate "2022.??.??"]
[WhiteTeam "SF Schöneck"]
[BlackTeam "Düsseldorfer SV 1854"]

1. e4 e5 2. Nc3 Nf6 3. Bc4 Nxe4 4. Bxf7+ Kxf7 5. Qh5+ Kg8 6. Nxe4 Nc6 7. Nf3 d6
8. d4 Qe7 9. Bg5 Qf7 10. Qxf7+ Kxf7 11. dxe5 Nxe5 12. Nxe5+ dxe5 13. O-O-O Bf5
14. Rhe1 h6 15. Bh4 g5 16. Bg3 Bg7 17. Nc5 Rad8 18. Nxb7 Rxd1+ 19. Kxd1 Rb8 20.
Nc5 Rxb2 21. Nd3 Bxd3 22. cxd3 Rxa2 23. Re4 a5 24. Rc4 a4 25. Rxc7+ Kg6 26. Kc1
Ra1+ 27. Kc2 a3 28. Rxg7+ Kxg7 29. Bxe5+ 1-0

[Event "Sparkassen-Open B"]
[Site "Heusenstamm, Martinsee"]
[Date "2022.11.20"]
[Round "7.52"]
[White "Vinogradov, Ilia"]
[Black "Lorenz sr., Alexander"]
[Result "1-0"]
[WhiteElo "1253"]
[BlackElo "1236"]
[PlyCount "41"]
[EventDate "2022.??.??"]
[WhiteTeam "SV Walldorf"]
[BlackTeam "SV Bergwinkel"]

1. e4 c5 2. Nf3 d6 3. d4 cxd4 4. Nxd4 Nf6 5. Nc3 b6 6. Bc4 Bb7 7. Qe2 Qd7 8.
Bg5 Nc6 9. Nf3 Qg4 10. Bxf6 Qxg2 11. Rg1 Qh3 12. Bxf7+ Kxf7 13. Ng5+ Kxf6 14.
Nxh3 Nd4 15. Qd3 e5 16. Ne2 Ne6 17. f4 g6 18. fxe5+ dxe5 19. Rf1+ Kg7 20. Qd7+
Kg8 21. Qf7# 1-0

[Event "Sparkassen-Open B"]
[Site "Heusenstamm, Martinsee"]
[Date "2022.11.20"]
[Round "7.53"]
[White "Özyar, Arin"]
[Black "Gärtner, David"]
[Result "1-0"]
[WhiteElo "1353"]
[BlackElo "1116"]
[PlyCount "107"]
[EventDate "2022.??.??"]
[WhiteTeam "SC Bad Soden"]
[BlackTeam "Sfr.Mainz 1928"]

1. d4 d5 2. Bf4 Nf6 3. Nc3 c6 4. e3 Bf5 5. f3 e6 6. g4 Bg6 7. h4 h6 8. Bd3 Bxd3
9. Qxd3 Bd6 10. Nge2 Qc7 11. O-O-O Nbd7 12. g5 hxg5 13. hxg5 Rxh1 14. Rxh1 Ng8
15. Qh7 Kf8 16. Qh8 e5 17. Rh7 Ke7 18. Qxg7 Rf8 19. Bg3 Ke6 20. Rh8 Qb8 21.
dxe5 Nxe5 22. Nd4+ Kd7 23. Nf5 Bc7 24. Nh6 Nxf3 25. Rxg8 Rxg8 26. Qxf7+ Kd8 27.
Qxg8+ Ke7 28. Qf7+ Kd8 29. Qf8+ Kd7 30. Qxb8 Bxb8 31. Bxb8 Nxg5 32. Bxa7 Ke6
33. Na4 Ke5 34. Nc5 b5 35. Nd7+ Kd6 36. Nf6 Ke6 37. Nhg4 Kf5 38. Kd2 Ke6 39.
Kd3 Kd6 40. Ne8+ Kd7 41. Ngf6+ Ke7 42. Kd4 Ne6+ 43. Ke5 Nd8 44. b3 Nb7 45. Nd6
Nd8 46. Bc5 Ne6 47. Nf5+ Kf7 48. Nh6+ Kg6 49. Kxe6 Kxh6 50. Kd6 Kg6 51. Kxc6
Kxf6 52. Kxb5 Ke6 53. a4 Kd7 54. Kb6 1-0

[Event "Sparkassen-Open B"]
[Site "Heusenstamm, Martinsee"]
[Date "2022.11.20"]
[Round "7.54"]
[White "Hofmann, André"]
[Black "Vick, Edward"]
[Result "0-1"]
[WhiteElo "1254"]
[BlackElo "1222"]
[PlyCount "72"]
[EventDate "2022.??.??"]
[WhiteTeam "Düsseldorfer SV 1854"]
[BlackTeam "TuS Makkabi Wiesbaden"]

1. d4 d5 2. Bf4 Bf5 3. Nf3 Nf6 4. e3 c5 5. c3 e6 6. Bd3 Bg6 7. Ne5 Nc6 8. Bb5
Qb6 9. Qa4 Rc8 10. Bxc6+ bxc6 11. Qb3 c4 12. Qxb6 axb6 13. Nxg6 hxg6 14. h3 c5
15. Na3 cxd4 16. exd4 Bxa3 17. bxa3 Kd7 18. f3 Ra8 19. Bc1 Ne8 20. Rb1 Kc6 21.
Rb4 Nd6 22. Kf2 Ra5 23. Bb2 Nb5 24. Rb1 Rb8 25. a4 Na7 26. Bc1 Nc8 27. f4 Rba8
28. Ke2 Rxa4 29. Rxa4 Rxa4 30. Ra1 Na7 31. g4 Nb5 32. Bd2 Ra3 33. g5 Nxc3+ 34.
Bxc3 Rxc3 35. a4 Rd3 36. Rd1 Ra3 0-1

[Event "Sparkassen-Open B"]
[Site "Heusenstamm, Martinsee"]
[Date "2022.11.20"]
[Round "7.55"]
[White "Sarbu, Carla Alexandra"]
[Black "Schmitz, Bernhard Hubert"]
[Result "0-1"]
[WhiteElo "1130"]
[BlackElo "1375"]
[PlyCount "44"]
[EventDate "2022.??.??"]
[WhiteTeam "SV Jedesheim 1921"]
[BlackTeam "Vorw.Orient Mainz"]

1. e4 c5 2. Nf3 d6 3. Bb5+ Nd7 4. Be2 Ngf6 5. Nc3 a6 6. a4 b6 7. d4 cxd4 8.
Qxd4 g6 9. O-O Bg7 10. Qe3 Bb7 11. Bd3 O-O 12. Re1 Qc7 13. Ng5 Ng4 14. Qh3 h5
15. Bd2 Nde5 16. f4 Qc5+ 17. Be3 Nxe3 18. Qxe3 Nxd3 19. Qxc5 Nxc5 20. Rab1 Bc6
21. a5 bxa5 22. Re3 Bd4 0-1

[Event "Sparkassen-Open B"]
[Site "Heusenstamm, Martinsee"]
[Date "2022.11.20"]
[Round "7.56"]
[White "Zhang, Taihao"]
[Black "Keller, Erik"]
[Result "0-1"]
[WhiteElo "1152"]
[BlackElo "1362"]
[PlyCount "86"]
[EventDate "2022.??.??"]
[WhiteTeam "vereinslos"]
[BlackTeam "SC Heusenstamm"]

1. d4 Nf6 2. c4 e6 3. Nc3 Bb4 4. Bg5 h6 5. Bxf6 Qxf6 6. e3 b6 7. Nf3 Bb7 8. Bd3
O-O 9. O-O d5 10. cxd5 exd5 11. Ne5 Bd6 12. Qh5 Bxe5 13. Qxe5 Qxe5 14. dxe5 Nd7
15. f4 Nc5 16. Rfd1 Nxd3 17. Rxd3 c6 18. Rad1 Bc8 19. e4 dxe4 20. Rd6 c5 21.
Nxe4 Be6 22. a3 Rfc8 23. Nc3 Kf8 24. h3 Ke8 25. Nd5 Bxd5 26. R1xd5 Rd8 27.
Rxd8+ Rxd8 28. Rxd8+ Kxd8 29. Kf2 Ke7 30. Ke3 Ke6 31. Ke4 f5+ 32. exf6 gxf6 33.
f5+ Kd6 34. g4 b5 35. h4 b4 36. axb4 cxb4 37. Kf4 a5 38. g5 fxg5+ 39. hxg5
hxg5+ 40. Kxg5 Ke7 41. b3 a4 42. bxa4 b3 43. f6+ Kf7 0-1

[Event "Sparkassen-Open B"]
[Site "Heusenstamm, Martinsee"]
[Date "2022.11.20"]
[Round "7.58"]
[White "Bär, Christian"]
[Black "Moissl, Julian"]
[Result "1/2-1/2"]
[WhiteElo "1525"]
[BlackElo "1140"]
[Annotator "Schloessner,Henrik"]
[PlyCount "97"]
[EventDate "2022.??.??"]
[WhiteTeam "SC Steinbach"]
[BlackTeam "SJ Herborn 1998"]

1. e4 e5 2. Nc3 Nc6 3. g3 Bb4 4. Bg2 d6 5. Nge2 Nf6 6. h3 Be6 7. O-O O-O 8. f4
Bc5+ 9. Kh2 Nd4 10. d3 Re8 11. Nxd4 Bxd4 12. Ne2 Bb6 13. f5 Bd7 14. Bg5 h6 15.
Bh4 Be3 16. Nc3 Bg5 17. Bxg5 hxg5 18. Qd2 g4 19. Qg5 gxh3 20. Bxh3 Nh7 21. Qxd8
Raxd8 22. Kg2 f6 23. Bg4 Ng5 24. Bh5 Re7 25. Nd5 Kf8 26. Rh1 g6 27. Nxe7 Kxe7
28. Bxg6 Be8 29. Bxe8 Rxe8 30. Rh2 c6 31. Rah1 Nf7 32. Rh7 d5 33. Rg7 dxe4 34.
Rhh7 Rf8 35. dxe4 Ke8 36. a4 b6 37. b4 a5 38. c3 c5 39. bxa5 bxa5 40. Kf2 c4
41. Ke2 Ke7 42. Kf3 Ke8 43. Kg4 Ke7 44. Kh5 Ke8 45. Kg6 Ke7 46. g4 Ke8 47. Rxf7
Rg8+ 48. Rhg7 Rxg7+ 49. Kxg7 {Seltsam, seltsam, aber so steht es auf beiden
Partieformularen geschrieben.} 1/2-1/2

[Event "Sparkassen-Open B"]
[Site "Heusenstamm, Martinsee"]
[Date "2022.11.20"]
[Round "7.59"]
[White "Barth, Horst"]
[Black "Hafner, Hans-Peter"]
[Result "1/2-1/2"]
[WhiteElo "1244"]
[BlackElo "1131"]
[PlyCount "66"]
[EventDate "2022.??.??"]
[WhiteTeam "Sfr.Mainz 1928"]
[BlackTeam "Sfr.Mainz 1928"]

1. d4 Nf6 2. c4 g6 3. Nc3 Bg7 4. Nf3 O-O 5. e4 d6 6. h3 Nbd7 7. Bd3 e5 8. Nd5
Nxd5 9. cxd5 f5 10. exf5 gxf5 11. Bg5 Qe8 12. dxe5 dxe5 13. Nh4 e4 14. Bc4 Kh8
15. Rb1 Ne5 16. Be2 c6 17. O-O cxd5 18. Bd2 Be6 19. Re1 d4 20. Bb4 Rf6 21. b3
Rd8 22. Bh5 Qd7 23. Bd2 Nd3 24. Re2 Bf7 25. Bxf7 Rxf7 26. g3 Re8 27. Ng2 f4 28.
Nxf4 Nxf4 29. Bxf4 Qxh3 30. f3 e3 31. Qd3 Qh5 32. Rh2 Qf5 33. Qf1 Be5 1/2-1/2

[Event "Sparkassen-Open B"]
[Site "Heusenstamm, Martinsee"]
[Date "2022.11.20"]
[Round "7.61"]
[White "Klein, Simon"]
[Black "Vinogradov, Roman"]
[Result "0-1"]
[WhiteElo "1378"]
[BlackElo "797"]
[PlyCount "106"]
[EventDate "2022.??.??"]
[WhiteTeam "SK Hungen"]
[BlackTeam "SV Walldorf"]

1. d4 Nf6 2. Bf4 g6 3. Nc3 d5 4. e3 Bf5 5. Nf3 Nc6 6. a3 e6 7. Nh4 Bd6 8. Bg3
Bxg3 9. hxg3 Ng4 10. Nxf5 exf5 11. Be2 Nf6 12. b4 a6 13. b5 axb5 14. Bxb5 O-O
15. Kd2 Na5 16. a4 Nc4+ 17. Bxc4 dxc4 18. Qe2 Ne4+ 19. Nxe4 fxe4 20. Qxc4 Qd7
21. f3 Rfe8 22. a5 Ra6 23. Rhb1 Rc6 24. Qb5 b6 25. a6 Qf5 26. g4 Qxb5 27. Rxb5
Ra8 28. a7 Rd6 29. Re5 c5 30. Rxe4 Rd7 31. Ra6 Rdxa7 32. Rxb6 Rc7 33. c3 Ra2+
34. Ke1 Rxg2 35. Re8+ Kg7 36. e4 Ra7 37. Rb1 Rg1+ 38. Kf2 Rxb1 39. d5 Ra2+ 40.
Ke3 g5 41. Rc8 Re1+ 42. Kd3 Ra5 43. Kd2 Rea1 44. d6 R5a2+ 45. Kd3 Rd1+ 46. Kc4
Rxd6 47. Rxc5 h6 48. e5 Re6 49. Kd5 Re2 50. Kd4 f6 51. Rc7+ Kg6 52. exf6 Rd6+
53. Kc5 Rxf6 0-1

[Event "Sparkassen-Open B"]
[Site "Heusenstamm, Martinsee"]
[Date "2022.11.20"]
[Round "7.62"]
[White "Junkers, Günter"]
[Black "Hellmann, Alexander"]
[Result "0-1"]
[WhiteElo "1207"]
[BlackElo "1137"]
[Annotator "Schloessner,Henrik"]
[PlyCount "24"]
[EventDate "2022.??.??"]
[WhiteTeam "SSG Rödermark/Epph."]
[BlackTeam "SJ Herborn 1998"]

1. e4 e5 2. Nf3 Nc6 3. d4 exd4 4. Nxd4 Nf6 5. Bg5 Bc5 6. e5 Nxe5 7. Nf3 Nxf3+
8. Qxf3 O-O 9. Bd3 d6 10. Nc3 Bg4 11. Qxb7 Rb8 12. Qa6 Rxb2 {Weiß spielte nun
0-0-0, was aufgrund des Lg4 nicht erlaubt ist. 0-1 (40)} 0-1